000
00186 a2200097 4500
020
_a
9780765303363
041
_a
eng
100
_a
Andrew M.Greley
245
_a
Irish Cristal
942
_c
BK
999
_c
13834
_d
13834